The Psychiatric Mental Status Examination (Record no. 8162)

MARC details
000 -LEADER
fixed length control field 00603nam a22001937a 4500
003 - CONTROL NUMBER IDENTIFIER
control field OSt
005 - DATE AND TIME OF LATEST TRANSACTION
control field 20241017124811.0
008 - FIXED-LENGTH DATA ELEMENTS--GENERAL INFORMATION
fixed length control field 230928b |||||||| |||| 00| 0 eng d
020 ## - INTERNATIONAL STANDARD BOOK NUMBER
International Standard Book Number 0195062515
040 ## - CATALOGING SOURCE
Transcribing agency MUST
Original cataloging agency DDC
082 ## - DEWEY DECIMAL CLASSIFICATION NUMBER
Classification number WM21 T780t 1993
100 ## - MAIN ENTRY--PERSONAL NAME
Personal name Trzepacz, Paula T and Baker, Robert W.
9 (RLIN) 16662
245 ## - TITLE STATEMENT
Title The Psychiatric Mental Status Examination
Statement of responsibility, etc. Trzepacz, Paula T and Baker, Robert W.
260 ## - PUBLICATION, DISTRIBUTION, ETC. (IMPRINT)
Place of publication, distribution, etc. New York;
Name of publisher, distributor, etc. Oxford University Press,
Date of publication, distribution, etc. 1993.
300 ## - PHYSICAL DESCRIPTION
Extent xi,361p;
Other physical details ill:
Dimensions 24cm.
500 ## - GENERAL NOTE
General note Appendix, & index included
650 ## - SUBJECT ADDED ENTRY--TOPICAL TERM
Topical term or geographic name as entry element Psychiatry
9 (RLIN) 16663
942 ## - ADDED ENTRY ELEMENTS (KOHA)
Source of classification or shelving scheme Other/Generic Classification Scheme
Koha item type Open Shelf
Holdings
Withdrawn status Lost status Source of classification or shelving scheme Damaged status Not for loan Home library Current library Date acquired Source of acquisition Inventory number Total Checkouts Full call number Barcode Date last seen Koha item type Price effective from
    Other/Generic Classification Scheme     MUST Main Library MUST Main Library 28/09/2023 Purchase 23/42145   WM21 T780t 1993 2023-0528 28/09/2023 Open Shelf  
    Other/Generic Classification Scheme     MUST Main Library MUST Main Library 28/09/2023 Purchase 23/42146   WM21 T780t 1993 2023-0529 28/09/2023 Open Shelf  
    Dewey Decimal Classification     MUST Main Library MUST Main Library   Purchase 24/42330   WM21 T780t 1993 2024-22513 17/10/2024 Open Shelf  
    Dewey Decimal Classification     MUST Main Library MUST Main Library 17/10/2024   24/42329   WM21 T780t 1993 2024-22514 17/10/2024 Open Shelf 17/10/2024
    Dewey Decimal Classification     MUST Main Library MUST Main Library 17/10/2024 Purchase 24/42331   WM21 T780t 1993 2024-22515 17/10/2024 Open Shelf 17/10/2024